QuickBASIC and QBASIC using modular structure with Visual Basic / (Record no. 6438)

MARC details
000 -LEADER
fixed length control field 00836pam a2200181 a 4500
020 ## - INTERNATIONAL STANDARD BOOK NUMBER
ISBN 0256207976
020 ## - INTERNATIONAL STANDARD BOOK NUMBER
ISBN 9780256207972
050 00 - CALL NUMBER
Classification number QA76.73.B3
Item number B726
100 1# - AUTHOR
Personal name Bradley, Julia Case.
245 10 - TITLE
Title QuickBASIC and QBASIC using modular structure with Visual Basic /
Statement of responsibility, etc Julia Case Bradley.
250 ## - EDITION
Edition statement Alternate ed.
260 ## - PUBLICATION INFORMATION
Place of publication Chicago :
Name of publisher Irwin,
Year of publication c1996.
300 ## - DESCRIPTION
Number of Pages xiv, 545, 41 p. :
Other physical details ill. (some col.) ;
Dimensions 28 cm.
505 ## - FORMATTED CONTENTS NOTE
Table of Content Introduction to computer and basic --<br/>Modular programs with calculations --<br/>Programs with loops and formatted output --<br/>Adding if statements and read statement to programs --<br/>Structured programming --<br/>Report design and subtotals --<br/>Data validation and interactive programs --
650 #0 - SUBJECTS
Topical Term QBasic (Computer program language)
650 #0 - SUBJECTS
Topical Term BASIC (Computer program language)
942 ## - ADDED ENTRY ELEMENTS (KOHA)
Koha item type Books
Holdings
Withdrawn status Lost status Home library Current library Shelving location Date acquired Full call number Accession Number Koha item type
    Methodist University Library Main Methodist University Library Main General Stacks   QA76.73.B3 B726 22326 Books
Copyright © 2026  MUG Library